Southville International School and Colleges
Your cart is empty.
  • Cart
  • Lists
    Public lists Eva Luna New books Lux_list list_1
    Your lists Log in to create your own lists
  • Log in to your account
  • Your cookies
  • Search history
Southville International School and Colleges
  • Advanced search
  • Recent comments
  • Most popular
  • Libraries

Log in to your account

Log in with GOOGLE


If you do not have an external account, but do have a local account, you can still log in:

  1. Home
  2. MARC view: Sea & sealife /
Normal view MARC view ISBD view

Sea & sealife / (Record no. 305611)

[ view plain ]
MARC details
000 -LEADER
fixed length control field 00755nam a2200289Ia 4500
008 - FIXED-LENGTH DATA ELEMENTS--GENERAL INFORMATION
fixed length control field 170203s9999 xx 000 0 und d
020 ## - INTERNATIONAL STANDARD BOOK NUMBER
International Standard Book Number 8188370762
050 ## - LIBRARY OF CONGRESS CALL NUMBER
Classification number 0 30
050 ## - LIBRARY OF CONGRESS CALL NUMBER
Item number W119s
100 ## - MAIN ENTRY--PERSONAL NAME
Personal name Wade, Laura.
245 ## - TITLE STATEMENT
Title Sea & sealife /
245 ## - TITLE STATEMENT
Statement of responsibility, etc written by Laura Wade.
260 ## - PUBLICATION, DISTRIBUTION, ETC. (IMPRINT)
Place of publication, distribution, etc New Delhi :
260 ## - PUBLICATION, DISTRIBUTION, ETC. (IMPRINT)
Name of publisher, distributor, etc Young Learner Publication.
300 ## - PHYSICAL DESCRIPTION
Extent 32 pages :
300 ## - PHYSICAL DESCRIPTION
Other physical details illustrations (some color) ;
300 ## - PHYSICAL DESCRIPTION
Dimensions 29 cm.
300 ## - PHYSICAL DESCRIPTION
Accompanying material 1 CD-ROM.
440 ## - SERIES STATEMENT/ADDED ENTRY--TITLE
Title Knowledge masters.
500 ## - GENERAL NOTE
General note Includes index; Internet linked--cover,
650 ## - SUBJECT ADDED ENTRY--TOPICAL TERM
Topical term or geographic name as entry element Marine animals --
650 ## - SUBJECT ADDED ENTRY--TOPICAL TERM
Topical term or geographic name as entry element Marine animals.
650 ## - SUBJECT ADDED ENTRY--TOPICAL TERM
Topical term or geographic name as entry element Ocean --
650 ## - SUBJECT ADDED ENTRY--TOPICAL TERM
Topical term or geographic name as entry element Ocean.
650 ## - SUBJECT ADDED ENTRY--TOPICAL TERM
General subdivision Juvenile literature.
650 ## - SUBJECT ADDED ENTRY--TOPICAL TERM
General subdivision Juvenile literature.
Holdings
Withdrawn status Lost status Damaged status Home library Current library Shelving location Date acquired Total Checkouts Full call number Barcode Date last seen Price effective from Koha item type
      Stonyhurst Southville International School (Batangas) Stonyhurst Southville International School (Batangas)   02/03/2017   Ref. 030 .W119s LS- 2408 02/03/2017 02/03/2017 Books

Sea & sealife /

APA

Wade L., .Sea & sealife. New Delhi: .

Chicago

Wade Laura, .Sea & sealife. New Delhi: .

Harvard

Wade L., .Sea & sealife. New Delhi: .

MLA

Wade Laura, .New Delhi: . .

  • Place hold
  • Print
  • Cite
  • Add to your cart (remove)
  • Save record
    BIBTEX Dublin Core MARCXML MARC (non-Unicode/MARC-8) MARC (Unicode/UTF-8) MARC (Unicode/UTF-8, Standard) MODS (XML) RIS
  • More searches
    Search for this title in:
    Other Libraries (WorldCat) Other Databases (Google Scholar) Online Stores (Bookfinder.com) Open Library (openlibrary.org)

Exporting to Dublin Core...

SOUTHVILLE LIBRARY

Southville International School and Colleges Library

1281 Tropical Ave. Cor. Luxembourg St., BF Homes International, Las Pinas City

Tel. No. 8256374 / 252358 Loc. 117/146

Powered by Koha